| 000 | 00802nam a2200205Ii 4500 | ||
|---|---|---|---|
| 003 | JO-AjNU | ||
| 008 | 230605s9999||||xx |||||||||||||| ||und|| | ||
| 040 |
_aJO-AjNU _bara _erda _cJO-AjNU |
||
| 041 | _aara | ||
| 050 | 1 | 4 | _aJQ1825.J6.D5 2010 |
| 100 | 3 |
_aديوان الخدمة المدنية, _eauthor _933626 |
|
| 245 | 0 | 0 | _aدراسة واقع القوى البشرية والتنظيم الاداري في الخدمة المدنية : (المرحلة لثانية) |
| 250 | _a(د،ط) | ||
| 264 | 3 | 1 | _aعمان(الاردن) |
| 300 |
_a151ص _bجداول توضيخية |
||
| 336 |
_atext _btxt _2rdacontent |
||
| 337 |
_aunmediated _bn _2rdamedia |
||
| 338 |
_avolume _bnc _2rdacarrier |
||
| 650 | 4 |
_aديوان الخدمة المدنية -احصائيات -موظفون- الاردن _933627 |
|
| 999 |
_aA13706 _c17274 _d17274 |
||